JAKIE KATEGORIE OPRÓCZ TYTUŁOWYCH MOŻEMY ZNALEŹĆ W GRZE „PAŃSTWA MIAST - Statystyki

Ogólne statystyki
  • Ten quiz został rozwiązany 62 razy
  • Średni wynik to 4 z 6
Statystyki odpowiedzi
Odpowiedź % Poprawnych
ROŚLINY
91%
ZWIERZĘTA
91%
IMIONA
85%
RZEKI
44%
KOLORY
37%
TYTUŁY FILMÓW
2%
Nie znaleziono quizów pasujących do podanych kryteriów
Rozkład punktacji
Procent ludzi z każdym wynikiem
Percentyl według liczby udzielonych odpowiedzi
Twoja historia wyników
Nie rozwiązałeś tego quizu